Online
Catalog

Trujillo : (Record no. 27809)

MARC details
000 -CABECERA
campo de control de longitud fija 00927nam a2200265 a 4500
001 - NÚMERO DE CONTROL
campo de control 000028317
003 - IDENTIFICADOR DEL NÚMERO DE CONTROL
campo de control OSt
005 - FECHA Y HORA DE LA ÚLTIMA TRANSACCIÓN
campo de control 20240409073642.0
008 - DATOS DE LONGITUD FIJA--INFORMACIÓN GENERAL
campo de control de longitud fija 110407t1947 fr 001 0dfre d
040 ## - FUENTE DE LA CATALOGACIÓN
Centro catalogador/agencia de origen DO-SdBNP
Lengua de catalogación spa
Centro/agencia transcriptor BNPHU
041 07 - CÓDIGO DE LENGUA
Código de lengua del texto/banda sonora o título independiente fre
049 ## - FONDOS LOCALES (OCLC)
Fondos de biblioteca BNPD
082 #4 - NÚMERO DE LA CLASIFICACIÓN DECIMAL DEWEY
Número de clasificación 972.93053
Número de documento/Ítem G643t
Número de edición 22
100 1# - ENTRADA PRINCIPAL--NOMBRE DE PERSONA
Nombre de persona González-Blanco, Pedro
9 (RLIN) 44950
245 10 - MENCIÓN DE TÍTULO
Título Trujillo :
Resto del título ou comment on relève une nation /
Mención de responsabilidad, etc. Pedro González-Blanco ; tradución del español de Maurice D´Hartoy.
260 ## - PUBLICACIÓN, DISTRIBUCIÓN, ETC.
Lugar de publicación, distribución, etc. Paris :
Nombre del editor, distribuidor, etc. Comité Français des Amis de la République Dominicaine,
Fecha de publicación, distribución, etc. 1947.
300 ## - DESCRIPCIÓN FÍSICA
Extensión 103 p. ;
Dimensiones 19 cm.
490 1# - MENCIÓN DE SERIE
Mención de serie Les grandes figures du monde moderne
546 ## - NOTA DE LENGUA/LENGUAJE
Nota de lengua/lenguaje Francés
600 10 - PUNTO DE ACCESO ADICIONAL DE MATERIA--NOMBRE DE PERSONA
Nombre de persona Trujillo Molina, Rafael Leónidas,
Fechas asociadas al nombre 1891-1961
9 (RLIN) 76764
700 1# - PUNTO DE ACCESO ADICIONAL--NOMBRE DE PERSONA
Nombre de persona D´Hartoy, Maurice,
Término indicativo de función/relación tr.
9 (RLIN) 55303
830 #0 - PUNTO DE ACCESO ADICIONAL DE SERIE-TÍTULO UNIFORME
Título uniforme Les grandes figures du monde moderne
9 (RLIN) 55304
910 ## - DATOS DE OPCIÓN DEL USUARIO (OCLC)
Datos de opción del usuario Validado. Control de calidad EMS.
942 ## - ELEMENTOS DE PUNTO DE ACCESO ADICIONAL (KOHA)
Fuente del sistema de clasificación o colocación Dewey Decimal Classification
Tipo de ítem Koha Libro
Holdings
Estado de retiro Estado de pérdida Fuente del sistema de clasificación o colocación No para préstamo Código de colección Localización permanente Ubicación/localización actual Ubicación en estantería Fecha de adquisición Número de inventario Total de préstamos Signatura topográfica completa Código de barras Fecha visto por última vez Precio válido a partir de Tipo de ítem Koha
    Dewey Decimal Classification Excluido de préstamo Raros y valiosos Patrimonio Dominicano Patrimonio Dominicano Depósito 07.04.2011 LF1   BNPHU PD-RV 972.93053 G643t 28317-10 25.06.2020 25.06.2020 No se presta

Powered by Koha